Capitals AND Countries That Start With S - Statistics

General Stats
  • This quiz has been taken 14,966 times
    13,392 since last reset
  • The average score is 37 of 45
Answer Stats
Answer % Correct
Country Sweden
96%
Country South Korea
95%
Country South Sudan
94%
Country Switzerland
94%
Country Saint Kitts and Nevis
93%
Country Saint Lucia
93%
Country Sudan
93%
Country Saint Vincent and the Grenadines
92%
Country Slovakia
92%
Country Slovenia
92%
Country South Africa
92%
Country Syria
91%
Country San Marino
90%
Capital San Marino
90%
Country Somalia
90%
Country Spain
90%
Country Senegal
89%
Country Serbia
89%
Country Singapore
89%
Capital Singapore
89%
Country Suriname
89%
Capital São Tomé
87%
Country Seychelles
87%
Country Sri Lanka
86%
Capital Stockholm
86%
Country Samoa
85%
Capital Santiago
84%
Country Solomon Islands
84%
Capital San Salvador
81%
Country Sierra Leone
81%
Country Saudi Arabia
79%
Capital San Jose
76%
Capital Santo Domingo
75%
Capital Seoul
75%
Capital Sana'a
72%
Capital Sarajevo
72%
Capital Suva
70%
Capital Saint George's
69%
Capital Saint John's
69%
Country São Tomé and Príncipe
66%
Capital Skopje
65%
Capital Sofia
65%
Capital Sri Jayawardenepura Kotte
63%
Capital Sucre
60%
Capital South Tarawa
47%
No matching quizzes found
Score Distribution
Percent of People with Each Score
Percentile by Number Answered
Your Score History
You have not taken this quiz since the last reset